000 01135cam a2200337 i 4500
001 58350
003 Mx-PuUPA
005 20250331104242.0
008 140415s2011 sp gr 000 0 spa d
017 _aNA 511-2011
020 _a9788431327637
040 _aMx-PuUPA
_bspa
_cMx-PuUPA
_dMx-PuUPA
_erda
041 0 _aspa
100 1 _aPérez-Latre, Francisco Javier,
_d1966-
_914357
_eautor
245 1 3 _aLa publicidad y los medios /
_cFrancisco J. Pérez-Latre
250 _aPrimera edición /
_bmarzo
264 1 _aNavarra, España :
_bEdiciones Universidad de Navarra,
_c©2011
300 _a217 páginas ;
_c22 cm
336 _2rdacontent
_atexto
_btxt
337 _2rdamedia
_asin medio
_bn
338 _2rdacarrier
_avolumen
_bnc
490 0 _aComunicación
650 7 _2armarc
_aInternet
650 7 _2armarc
_aPublicidad en internet
650 7 _2armarc
_aPublicidad
650 7 _2armarc
_aMedios de comunicación de masas
_xAspectos sociales
650 7 _2armarc
_aMedios de comunicación de masas
_xPublicidad
942 _2ddc
_cLI
_h659.11
_iP426
999 _c58350
_d58350